| 000 | 00901cam a2200265 a 4500 | ||
|---|---|---|---|
| 003 | OSt | ||
| 005 | 20180817154621.0 | ||
| 008 | 041102s2005 enka b 001 0 eng | ||
| 020 | _a9781850970958 | ||
| 020 | _a1850970955 | ||
| 040 |
_aNLM _cNLM _dUKM _dBAKER _dMUQ _dYDXCP _dCGC _dOCLCG _beng |
||
| 042 |
_aukblsr _anlmcopyc |
||
| 050 | 4 |
_aRK651 _b.O88 2005 |
|
| 082 |
_221 _a617.692 _bFIP |
||
| 092 | _bF566p | ||
| 245 | 0 | 0 |
_aFixed prosthodontics in dental practice / _c[edited] by Michael O'Sullivan |
| 260 |
_aLondon ; _aChicago : _bQuintessence Pub., _cc2005 |
||
| 300 |
_a162 p. : _bill. (some col.) ; _c22 cm |
||
| 490 | 1 |
_aQuintessentials of dental practice ; _v22. _aProsthodontics ; _v4 |
|
| 504 | _aIncludes bibliographical references and index | ||
| 650 | 1 | 2 |
_aProsthodontics _xmethods _951769 |
| 650 | 0 |
_aProsthodontics _964241 |
|
| 700 | 1 |
_aO'Sullivan, Michael, _d1968- _964242 |
|
| 942 | _cBOOK | ||
| 999 |
_c42606 _d312226 |
||